000 00403 a2200145 4500
003 OSt
005 20250114163340.0
008 250114b |||||||| |||| 00| 0 eng d
020 _a9780273651833
040 _ctbs
245 _aSecond edition
260 _c2002
773 0 _w2895
_aBhimani, Alnoor
_dHarlow, England : Pearson Education, 2015.
_z9781292063461
_tManagement and cost accounting
942 _2ddc
999 _c4460
_d4460